000 00287nam a2200109Ia 4500
005 20251222140043.0
008 251222s1900||||xx |||||||||||||| ||spa||
082 _a200/I61
100 _aFrancisco Interdonato
245 0 _aFiliación Política y Originalidad de los Cristianos
942 _cLIB
999 _c3369
_d3369